| 000 | 00911nam0a22002411 4500 | ||
|---|---|---|---|
| 001 | rc\3042807 | ||
| 005 | 20111006152718.5 | ||
| 035 | _a(NLR Aleph) 007182774 | ||
| 090 |
_a7458557 _c7458557 |
||
| 100 | _a20080606d1936 |||y0rusy50 ca | ||
| 101 | 0 | _arus | |
| 102 | _aRU | ||
| 105 | _aa z ||||y | ||
| 200 | 1 |
_aПитание радиоприемников и усилителей _eУчеб. пособие для втузов связи _fГ.В. Войшвилло _gПод ред. проф. Л.Б. Слепяна |
|
| 210 |
_aМосква _cСвязьтехиздат _d1936 _g8 тип. Мособлполиграф |
||
| 215 |
_aОбл., 196 с. _cил. _d22×15 см |
||
| 700 | 1 |
_aВойшвилло _bГ. В. _gГеоргий Валерианович |
|
| 702 | 1 |
_aСлепян _bЛ. Б. _4340 |
|
| 801 | 0 |
_aRU _bNLR _gpsbo |
|
| 801 | 1 |
_aRU _bELAR _2rusmarc |
|
| 852 |
_aNLR _j36-4/1067 |
||
| 942 | _cBOOK | ||
| 980 | _aNB | ||